Tilastot visalle Top 5 Suomen Suosituimmat Pizzatäytteet

Klikkaa tästä pelataksesi tätä visaa!

Yleistilastot

  • Tätä visaa on pelattu 820 kertaa
  • Keskiarvotulos 12 / 15

Vastaustilastot

#Pizzatäyte% Oikein
2Ananas
98%
1Ananas
98%
1Ananas
98%
3Kinkku
97%
5Kinkku
97%
4Kinkku
97%
2Aurajuusto
71%
1Aurajuusto
71%
2Aurajuusto
71%
5Pepperoni
70%
3Pepperoni
70%
4Jauheliha
61%
4Kebabliha
54%
3Kebabliha
54%
5Kebabliha
54%

Tulosjakauma

Persentiili vastausten määrän mukaan

Jokaisen tuloksen saaneiden osuus

Tuloshistoriasi

Et ole pelannut tätä visaa